Geography Quiz

Random Geography or Blitz Quiz

African Country Blitz: D through G Quiz Stats

 Plays Quiz Updated Jul 2, 2018

Challenge
Share
Tweet
Embed
Score 0/12 Timer 00:30
2 Plays Today
% Correct
Djibouti
79.3%
Ghana
73.5%
Eritrea
66.5%
Ethiopia
65%
Guinea
63.8%
Gabon
57.3%
Democratic Republic of the Congo
53.8%
Guinea-Bissau
52.2%
(The) Gambia
51.2%
Egypt
44.6%
Equatorial Guinea
32.5%
eSwatini
10.7%

You're not logged in!

Compare scores with friends on all Sporcle quizzes.
Join for Free
OR
Log In

You Might Also Like...

Show Comments

Extras

Top Quizzes Today


Score Distribution

Your Account Isn't Verified!

In order to create a playlist on Sporcle, you need to verify the email address you used during registration. Go to your Sporcle Settings to finish the process.

Report this User

Report this user for behavior that violates our Community Guidelines.

Details: